00613nam a22001697a 4500008004000000020001500040050002500055100001700080245006000097260005000157300002200207440004600229500006100275504003900336650004200375700002600417130710t mx||||| |||| 00| 0 spa d a950124048704aBF723.M35 bB69 19901 aBowlby, John10aEl vinculo afectivo /cJohn Bowlby ; tr. Inés Pardal. aBuenos Aires, Argentina : bPaidós, c1990 a418 p. ; c22 cm. 0aPaidós Psicología profunda ; vno. 48 aTraducción de : Attachment and loss. Vol 1, Attachment aIncluye bibliografía e índice  4aMadres e hijos xPrivación materna 1 aPardal, Inés, etr.